[Event "President's Cup"]
[Site "Seattle, WA"]
[Date "2015.02.15"]
[Round "3"]
[White "He Anthony  (WA)"]
[Black "Bonrud Neal  (WA)"]
[Result "1/2-1/2"]
[WhiteElo "2040"]
[BlackElo "1767"]
[Annotator ""]
[Source ""]
[Remark "Open"]

1.e4 e5 2.Nf3 Nf6 3.Nxe5 d6 4.Nf3 Nxe4 5.Nc3 Nxc3 6.dxc3 Be7
7.Be3 Nc6 8.Qd2 Be6 9.Be2 Qd7 10.h3 h6 11.O-O-O O-O-O 12.Kb1
Bf6 13.Nd4 Bxd4 14.Bxd4 f6 15.Be3 Kb8 16.Rhe1 Qf7 17.b3 Rhe8
18.Kb2 Qd7 19.f4 Re7 20.Bf3 Rde8 21.Qf2 b6 22.g4 g5 23.Qg2 Nd8
24.Bc1 Bf7 25.Qf2 Rxe1 26.Rxe1 Rxe1 27.Qxe1 Qe6 28.Qd2 Nb7 29.Qd4
Nc5 30.Bd2 d5 31.c4 Qd6 32.cxd5 c6 33.fxg5 hxg5 34.Bc3 Bxd5 35.Bxd5
cxd5 36.Qxf6 Qxf6 37.Bxf6 Ne4 38.Bd4 Kb7 39.c3 a6 40.Kc2 Kc6
41.Kd3 b5 42.Ke3 Kd6 43.Kf3 a5 44.Ke3 a4 45.Kd3 axb3 46.axb3
Ke6 47.c4 bxc4+ 48.bxc4 Nd6 49.cxd5+ Kxd5 50.Be3 Nf7 51.Bd4 Nd6
52.Be3 Nf7 53.Bd2 Ke5 54.Ke3 Kf6 55.Ke4 Ke6 56.Be3 Nd6+ 57.Kd4
Nf7 58.Bf2 Nd6 59.Bg3 Nf7 60.Ke4 Nh6 61.Bf2 Nf7 62.Bc5 Nh6 63.Bf8
Nf7 64.Ba3 Ne5 65.Bc5 Nf7 66.Be3 Nd6+ 67.Kd4 Nf7 68.Bd2 Kd6 69.Ke4
Ke6 70.Bb4 Nh6 71.Kd4 Nf7 72.Bf8 Ne5 73.Ke4 Nf7 74.Bg7 Nd6+ 75.Kd4
Nf7 76.Bf8 Ne5 77.Ke4 Nf7 78.Bc5 Nh6 79.Bf2 Nf7 80.Bg3 Nh6 81.Kf3
Nf7 82.Bf2 Ne5+ 83.Kg3 Nf7 84.Be3 Ke5 85.Bc1 Ke4 86.h4 gxh4+
87.Kxh4 Kf3 88.Bb2 Kf4 89.Kh5 Kf3 90.Bd4 Kf4 91.Bf6 Kg3 92.Bh4+
Kf4 93.Bf2 Kf3 94.Bd4 Kf4 95.Bc3 Kg3 96.Bd2 Kf3 97.Bg5 Ne5 1/2-1/2

[Event "President's Cup"]
[Site "Seattle, WA"]
[Date "2015.02.14"]
[Round "2"]
[White "He Anthony  (WA)"]
[Black "Bashkansky Naomi (WA)"]
[Result "1-0"]
[WhiteElo "2040"]
[BlackElo "1776"]
[Annotator ""]
[Source ""]
[Remark "Open"]

1.e4 e5 2.Nf3 Nc6 3.Bc4 Bc5 4.c3 Nf6 5.d3 d6 6.Bb3 h6 7.Nbd2
Be6 8.Nf1 a6 9.Ng3 Qd7 10.O-O O-O 11.Bc2 Ba7 12.Qe2 Rfe8 13.Rd1
d5 14.h3 Rad8 15.Kh2 b5 16.d4 exd4 17.e5 Nh7 18.cxd4 Ne7 19.Qd3
Nf8 20.Be3 Rc8 21.Rac1 c5 22.dxc5 Bxc5 23.Bxc5 Rxc5 24.Qe3 Rc7
25.Nd4 Rec8 26.f4 Qd8 27.f5 Bd7 28.f6 Neg6 29.fxg7 Kxg7 30.Ngf5+
Bxf5 31.Nxf5+ Kg8 32.Nxh6+ Kg7 33.Ng4 Qh4 34.Bxg6 Rxc1 35.Rxc1
Rxc1 36.Qxc1 Nxg6 37.Qd2 Ne7 38.Qf4 Ng6 39.Qd4 Ne7 40.e6+ f6
41.Qc5 f5 42.Ne3 f4 43.Qxe7+ Qxe7 44.Nf5+ Kf6 45.Nxe7 Kxe7 46.Kg1
Kxe6 47.Kf2 Kf5 48.Ke2 Kg5 49.Kf3 Kf5 50.a3 Kg5 51.h4+ Kf5 52.h5
d4 53.h6 d3 54.h7 d2 55.Ke2 1-0

[Event "President's Cup"]
[Site "Seattle, WA"]
[Date "2015.02.14"]
[Round "3"]
[White "Reagan Garrett  (WA)"]
[Black "Huang Ethan  (WA)"]
[Result "0-1"]
[WhiteElo "332"]
[BlackElo "852"]
[Annotator ""]
[Source ""]
[Remark "Reserve"]

1.e4 e6 2.d4 d5 3.exd5 exd5 4.Nc3 Nc6 5.Nf3 Nf6 6.Bg5 Bb4 7.Bb5
Qd6 8.O-O a6 9.Ba4 O-O 10.Re1 Bg4 11.Bxf6 Qxf6 12.a3 Bxc3 13.bxc3
Na5 14.Qe2 Nc4 15.Be8 Bxf3 16.Bxf7+ Qxf7 17.gxf3 Qxf3 18.Qf1
Qxc3 19.Re3 Nxe3 20.fxe3 Rxf1+ 21.Kxf1 Qxe3 22.Re1 Rf8+ 23.Kg2
Qxe1 24.Kh3 Qe4 25.Kg3 Rf3+ 26.Kg2 Qe2+ 27.Kg1 Rf1# 0-1

[Event "President's Cup"]
[Site "Seattle, WA"]
[Date "2015.02.14"]
[Round "3"]
[White "Pothukuchi Revanth  (WA)"]
[Black "Chamberlain Andrew  (WA)"]
[Result "1-0"]
[WhiteElo "1444"]
[BlackElo "1561"]
[Annotator ""]
[Source ""]
[Remark "Reserve"]

1.e4 c6 2.d4 d5 3.Nc3 dxe4 4.Nxe4 Bf5 5.Ng3 Bg6 6.Nf3 h6 7.Bd3
Bxd3 8.Qxd3 Nf6 9.O-O e6 10.h3 Bd6 11.Ne4 Nxe4 12.Qxe4 Nd7 13.Ne5
Nf6 14.Qe2 O-O 15.Be3 Nd5 16.Bd2 Qe7 17.Nc4 Bc7 18.c3 c5 19.dxc5
Qxc5 20.Na3 Rad8 21.Qc4 Qd6 22.f4 Nb6 23.Qd4 Qxd4+ 24.cxd4 Rxd4
25.Be3 Rd3 26.Rf3 Rfd8 27.Re1 a6 28.Nc2 Nc4 29.b3 Nxe3 30.Nxe3 1-0

[Event "President's Cup"]
[Site "Seattle, WA"]
[Date "2015.02.14"]
[Round "3"]
[White "Deng Samuel  (WA)"]
[Black "Venkatesan Mridula  (WA)"]
[Result "1-0"]
[WhiteElo "1251"]
[BlackElo "769"]
[Annotator ""]
[Source ""]
[Remark "Reserve"]

1.d4 d5 2.c4 e6 3.Nc3 Nf6 4.cxd5 exd5 5.Bg5 Be7 6.e3 Bf5 7.Bxf6
Bxf6 8.Qb3 Bc8 9.Qxd5 Qxd5 10.Nxd5 Bd8 11.Rc1 c6 12.Nc3 Ba5 13.Bd3
Be6 14.a3 Na6 15.Ke2 Bxc3 16.Rxc3 Rc8 17.b4 Bd5 18.e4 Be6 19.Nf3
Ke7 20.Rhc1 f6 21.Bxa6 bxa6 22.Rxc6 Rxc6 23.Rxc6 Rc8 24.Rxc8
Bxc8 25.d5 Kd6 26.Nd4 Ke5 27.Ke3 Bd7 28.Nf3+ Kd6 29.Kd4 g6 30.Nd2
Bb5 31.Nc4+ Bxc4 32.Kxc4 g5 33.g3 g4 34.a4 h5 35.a5 Kc7 36.Kc5
Kb7 37.Kd6 Kc8 38.Ke7 f5 39.exf5 h4 40.gxh4 g3 41.hxg3 Kc7 42.f6
Kc8 43.f7 Kc7 44.f8Q Kb7 45.Qf3 Kc8 46.d6 Kb8 47.d7 Kc7 48.d8Q# 1-0

[Event "President's Cup"]
[Site "Seattle, WA"]
[Date "2015.02.14"]
[Round "2"]
[White "Chamberlain Andrew  (WA)"]
[Black "Race Adam  (WA)"]
[Result "1-0"]
[WhiteElo "1561"]
[BlackElo "814"]
[Annotator ""]
[Source ""]
[Remark "Reserve"]

1.d4 d5 2.c4 c6 3.Nc3 Nf6 4.Nf3 dxc4 5.a4 Bf5 6.e3 e6 7.Bxc4
Bd6 8.O-O O-O 9.Re1 Nbd7 10.e4 Bb4 11.exf5 Bxc3 12.bxc3 exf5
13.Ba3 Re8 14.Qb3 Rxe1+ 15.Rxe1 Qb6 16.Bxf7+ Kh8 17.Qxb6 Nxb6
18.a5 Nbd5 19.Bxd5 Nxd5 20.Bb4 Rc8 21.Ne5 Kg8 22.Nc4 Nxb4 23.cxb4
Rd8 24.Rd1 g6 25.Kf1 Re8 26.Ne5 Kg7 27.Ke2 Kf6 28.Kd3 Ke6 29.Kc4
Kd6 30.Re1 Rc8 31.Nf7+ Kc7 32.Re7+ Kb8 33.Nd6 Rc7 34.Re8+ 1-0

[Event "President's Cup"]
[Site "Seattle, WA"]
[Date "2015.02.14"]
[Round "2"]
[White "Piper August  (WA)"]
[Black "Ardeleanu Andrew  (WA)"]
[Result "1-0"]
[WhiteElo "1500"]
[BlackElo "1185"]
[Annotator ""]
[Source ""]
[Remark "Reserve"]

1.g3 d6 2.d4 Nf6 3.Nf3 g6 4.b4 Bg7 5.Bb2 O-O 6.Bg2 Nc6 7.b5 Na5
8.Na3 h6 9.O-O Be6 10.Re1 Nc4 11.Nxc4 Bxc4 12.a4 c6 13.bxc6 bxc6
14.Nd2 Bd5 15.e4 Be6 16.c4 d5 17.e5 Nh7 18.Rc1 Ng5 19.f4 Nh7
20.Re3 Rb8 21.Ba3 Qd7 22.Nb3 dxc4 23.Nc5 Qc8 24.Nxe6 Qxe6 25.Rec3
Rb3 26.Bc5 Rxc3 27.Rxc3 a6 28.Qc2 g5 29.f5 Qd7 30.Rxc4 Rb8 31.a5
e6 32.f6 Bf8 33.Bb6 {  Remaining moves incomplete} 1-0

[Event "President's Cup"]
[Site "Seattle, WA"]
[Date "2015.02.14"]
[Round "1"]
[White "Pothukuchi Revanth  (WA)"]
[Black "Huang Ethan  (WA)"]
[Result "1-0"]
[WhiteElo "1444"]
[BlackElo "852"]
[Annotator ""]
[Source ""]
[Remark "Reserve"]

1.e4 e6 2.d4 d5 3.e5 c5 4.c3 Nc6 5.Nf3 f6 6.a3 Qc7 7.b4 cxd4
8.cxd4 fxe5 9.Nxe5 Nxe5 10.Bf4 Nd3+ 11.Bxd3 Qxf4 12.Qh5+ Qf7
13.Bb5+ Ke7 14.Qe5 a6 15.Qc7+ Kf6 16.Qe5+ Ke7 17.Qc7+ Kf6 18.Qf4+
Ke7 19.Qc7+ Kf6 20.Qf4+ Ke7 21.Qc7+ {%02 Fourth repetition.}
Bd7 22.Bxd7 Kf6 23.Qe5+ Ke7 24.Qc7 Kf6 25.Qxb7 Rd8 26.Bc6 Qxb7
27.Bxb7 Rd6 28.Nd2 Rb6 29.Bc8 Ne7 30.Bd7 Nc6 31.Nb3 Bd6 32.Rc1
Nb8 33.Ba4 Bf4 34.Rc2 Kg6 35.g3 Bd6 36.f4 Rf8 37.Kf2 Kf5 38.Ke3
Kf6 39.Kf3 Kf5 40.Nc5 Rc8 41.Re2 Bxc5 42.dxc5 Rb7 43.Rc1 Rbc7
44.Bb3 Nc6 45.Rd1 Rd8 46.Ba4 Na7 47.g4+ Kf6 48.g5+ Kf5 49.Bc2# 1-0

[Event "President's Cup"]
[Site "Seattle, WA"]
[Date "2015.02.14"]
[Round "1"]
[White "Wilke Daniel  (WA)"]
[Black "Hasuike Mike  (OR)"]
[Result "0-1"]
[WhiteElo "908"]
[BlackElo "1554"]
[Annotator ""]
[Source ""]
[Remark "Reserve"]

1.e4 Nf6 2.e5 Nd5 3.c4 Nb6 4.d4 d6 5.Nf3 Bg4 6.h3 Bh5 7.g4 Bg6
8.Nc3 Nc6 9.exd6 exd6 10.Qe2+ Qe7 11.Qxe7+ Bxe7 12.d5 Nb4 13.Nd4
Bf6 14.Ncb5 Kd7 15.g5 Rhe8+ 16.Kd1 Bxd4 17.Nxd4 Nd3 18.Bxd3 Bxd3
19.b3 Bg6 20.a4 Re4 21.Bb2 Bh5+ 22.f3 Rae8 23.Kd2 Re3 24.Raf1
g6 25.Rh2 Kc8 26.Re2 Rxe2+ 27.Nxe2 Nd7 28.Ng3 Nc5 29.b4 Nxa4
30.Bd4 Nb6 31.c5 dxc5 32.Bxc5 Nxd5 33.Nxh5 gxh5 34.Rc1 Rd8 35.Ke2
b6 36.Bf2 Nxb4 37.Bh4 Rd6 38.Bg3 Rc6 39.Rxc6 Nxc6 40.Kd3 Kd7
41.Ke4 Nd8 42.f4 Ke6 43.f5+ Kd7 44.Ke5 c5 45.Kf6 c4 46.Be5 Ke8
47.Kg7 b5 0-1

[Event "President's Cup"]
[Site "Seattle, WA"]
[Date "2015.02.14"]
[Round "1"]
[White "Deng Samuel  (WA)"]
[Black "Anthony Ralph  (WA)"]
[Result "0-1"]
[WhiteElo "1251"]
[BlackElo "1612"]
[Annotator ""]
[Source ""]
[Remark "Reserve"]

1.d4 Nf6 2.c4 g6 3.Nc3 Bg7 4.e4 d6 5.Be2 O-O 6.Bg5 h6 7.Be3 c5
8.d5 Nbd7 9.Qd2 Kh7 10.f4 a6 11.h3 Rb8 12.g4 b5 13.g5 hxg5 14.fxg5
Ne8 15.Nf3 bxc4 16.h4 Rh8 17.Kf2 Ne5 18.Nxe5 Bxe5 19.Raf1 Ng7
20.Bf4 Bd4+ 21.Ke1 Bd7 22.Bxc4 Bg4 23.Be2 Qc8 24.Qc2 Bh3 25.Bxa6
Qg4 26.Be2 Qd7 27.Bb5 Qg4 28.Be2 Qd7 29.Bb5 Bxc3+ 30.Qxc3 Rxb5
31.Rxh3 Rxb2 32.Qxb2 Qxh3 33.e5 Nf5 34.exd6 exd6 35.Qh2 Qd3 36.Qd2
Re8+ 37.Kf2 Qh3 38.Kg1 Nxh4 39.Qf2 Qg4+ 40.Qg3 Qxg3+ 41.Bxg3
Nf5 {%02  The remainder unrecorded in a time scramble.} 0-1

[Event "President's Cup"]
[Site "Seattle, WA"]
[Date "2015.02.14"]
[Round "2"]
[White "Huang Ethan  (WA)"]
[Black "Deng Samuel  (WA)"]
[Result "0-1"]
[WhiteElo "852"]
[BlackElo "1251"]
[Annotator ""]
[Source ""]
[Remark "Reserve"]

1.d4 Nf6 2.Bg5 d5 3.e3 Bg4 4.f3 Bf5 5.Bd3 Bxd3 6.Qxd3 Qd7 7.Nc3
h6 8.Bxf6 exf6 9.Nge2 c6 10.e4 dxe4 11.fxe4 Be7 12.d5 O-O 13.O-O-O
Rd8 14.Nf4 Na6 15.dxc6 Qxc6 16.Nfd5 Qe8 17.Qb5 Qxb5 18.Nxe7+
Kf8 19.Nxb5 Kxe7 20.Rd3 Rxd3 21.cxd3 Nb4 22.Kd2 a6 23.Nc3 Rd8
24.Nd5+ Nxd5 25.exd5 Rxd5 26.Rc1 Kd7 27.Ke3 Rd6 28.d4 Rc6 29.Rxc6
Kxc6 30.Ke4 Kd6 31.d5 b5 32.Kd4 f5 33.b3 g6 34.g3 g5 35.h3 h5
36.h4 f4 37.gxf4 gxh4 38.Ke4 f5+ 39.Kf3 Kxd5 40.Ke3 h3 41.Kf3
h2 42.Kg2 Ke4 43.Kxh2 Kxf4 44.Kh3 Ke3 45.Kg3 f4+ 46.Kg2 Ke2 47.Kg1
f3 48.Kh2 f2 49.Kh3 f1Q+ 50.Kh4 Qg2 51.Kxh5 Qg7 52.b4 Kf3 53.a4
Kf4 54.axb5 Qh7# 0-1

[Event "President's Cup"]
[Site "Seattle, WA"]
[Date "2015.02.14"]
[Round "2"]
[White "Hasuike Mike  (OR)"]
[Black "Pothukuchi Revanth  (WA)"]
[Result "1/2-1/2"]
[WhiteElo "1554"]
[BlackElo "1444"]
[Annotator ""]
[Source ""]
[Remark "Reserve"]

1.d4 Nf6 2.Nf3 g6 3.Bg5 Bg7 4.Nbd2 O-O 5.e3 d6 6.Bd3 c5 7.c3
Bd7 8.O-O cxd4 9.exd4 d5 10.Ne5 e6 11.f4 Qb6 12.Qb3 Qc7 13.Rae1
Nc6 14.Qd1 h6 15.Bh4 Nxe5 16.fxe5 Nh7 17.Qg4 g5 18.Bg3 Qd8 19.Qe2
f5 20.exf6 Rxf6 21.Be5 Rxf1+ 22.Rxf1 Qe7 23.Kh1 Rf8 24.Bxg7 Qxg7
25.Rxf8+ Qxf8 26.Bxh7+ Kxh7 27.Nf3 Qf4 28.Qd3+ Kg7 29.h3 Qc1+
30.Kh2 Qxb2 31.Ne5 Be8 32.Qf3 Qc2 33.Ng4 Qf5 34.Qe2 a6 35.Ne5
Bb5 36.Qh5 Bd3 37.Qe8 Be4 38.Qe7+ Kg8 39.Qe8+ Qf8 40.Qxe6+ Kh7
41.Qd7+ Qg7 42.Kg1 Qxd7 43.Nxd7 Bd3 44.Nc5 Bc4 45.a3 b6 46.Nd7
b5 47.Nb8 a5 48.Nc6 a4 49.Ne5 Kg7 50.g4 h5 51.Kf2 h4 52.Nxc4
bxc4 53.Ke3 Kf6 54.Kf3 1/2-1/2

[Event "President's Cup"]
[Site "Seattle, WA"]
[Date "2015.02.14"]
[Round "2"]
[White "Anthony Ralph  (WA)"]
[Black "Menkov Artjom  (WA)"]
[Result "0-1"]
[WhiteElo "1612"]
[BlackElo "1499"]
[Annotator ""]
[Source ""]
[Remark "Reserve"]

1.e4 c5 2.Nf3 Nc6 3.d4 cxd4 4.Nxd4 Nf6 5.f3 e5 6.Nb3 Be7 7.Nc3
O-O 8.Be3 Bb4 9.Qd2 d5 10.exd5 Nxd5 11.Bg5 f6 12.Bc4 Be6 13.O-O-O
Bxc3 14.bxc3 Nc7 15.Qe2 Nd5 16.Rxd5 Bxd5 17.Rd1 Ne7 18.Qe4 fxg5
19.Bxd5+ Nxd5 20.Rxd5 Qb6 21.Qc4 Kh8 22.Rc5 Qh6 23.Rxe5 Qxh2
24.Rxg5 Rac8 25.Qd4 Qf4+ 26.Qxf4 Rxf4 27.Rd5 Kg8 28.Kb2 Rfc4
29.Nd4 Rxc3 30.Rd7 R3c7 31.Rd5 a6 32.Re5 Rc4 33.Rd5 R8c7 34.Kb3
Kf7 35.a3 Rc3+ 36.Kb2 R3c5 37.Rd6 Ke7 38.Re6+ Kd7 39.Re2 Kd6
40.Rd2 Rd5 41.c3 Rd7 42.Kb3 Kc5 43.Ne6+ Kd6 44.Nd4 Kc5 45.Ne6+
Kb6 46.Nd4 Rb5+ 47.Kc2 Rc5 48.Rd1 Rdc7 49.Rd3 Rd5 50.Kb3 Ka7
51.Re3 Rdd7 52.Re4 Re7 53.Ne6 Rc6 54.Nd4 Rb6+ 55.Kc4 Rxe4 56.fxe4
Rg6 57.e5 Kb6 58.Kd5 Kc7 59.Ne6+ Kc8 60.Kd6 b6 61.Ke7 Rxg2 62.Nf4
Rg5 63.e6 Rf5 64.Nd3 a5 65.Ke8 Kc7 66.e7 h5 67.Ne1 h4 68.Ng2
h3 69.Ne3 Re5 70.Ng4 Re2 71.Kf7 Kd7 72.e8Q+ Rxe8 73.Kxg7 Re2
74.Nf6+ Ke6 75.Ng4 Rg2 0-1

[Event "President's Cup"]
[Site "Seattle, WA"]
[Date "2015.02.14"]
[Round "3"]
[White "Rajesh Anirudh  (WA)"]
[Black "Anthony Ralph  (WA)"]
[Result "0-1"]
[WhiteElo "945"]
[BlackElo "1612"]
[Annotator ""]
[Source ""]
[Remark "Reserve"]

1.e4 d6 2.d4 Nf6 3.Nc3 g6 4.Bf4 Bg7 5.e5 Nfd7 6.exd6 cxd6 7.Nf3
Nf6 8.Bc4 Bg4 9.h3 Bxf3 10.Qxf3 O-O 11.O-O Nc6 12.Qe3 d5 13.Bb3
Na5 14.Nb5 Nxb3 15.axb3 a6 16.Nc3 e6 17.Bg5 Qd6 18.Ne2 Nd7 19.Bh6
f6 20.Bxg7 Kxg7 21.Nf4 e5 22.Ne2 Rae8 23.Qg3 Re6 24.Qg4 f5 25.Qg3
f4 26.Qh2 e4 27.g3 g5 28.Rac1 f3 29.Nc3 g4 30.h4 h5 31.Rce1 Rc8
32.Nd1 Rxc2 33.Ne3 Qc7 34.Nxc2 Qxc2 35.Rc1 Qxb3 36.Rc7 Re7 37.Qh1
Qb6 38.Rfc1 Qxb2 39.Kh2 Qxf2+ 0-1

[Event "President's Cup"]
[Site "Seattle, WA"]
[Date "2015.02.14"]
[Round "3"]
[White "Puri Raghav  (WA)"]
[Black "Kam Ethan  (WA)"]
[Result "0-1"]
[WhiteElo "789"]
[BlackElo "1206"]
[Annotator ""]
[Source ""]
[Remark "Reserve"]

1.e4 e5 2.Nf3 Nc6 3.Bc4 Bc5 4.Nc3 d6 5.d3 Bg4 6.h3 Bh5 7.g4 Bg6
8.h4 h6 9.h5 Bh7 10.g5 hxg5 11.Nxg5 Qf6 12.Be3 Bxe3 13.fxe3 Qxg5
14.Qf3 Qf6 15.Rf1 Qxf3 16.Rxf3 Nf6 17.O-O-O Na5 18.Bb5+ c6 19.Ba4
b5 20.Bb3 Nxb3+ 21.cxb3 O-O 22.Rg3 Nxh5 23.Rh3 Nf6 24.Rg1 a5
25.Rhg3 Bg6 26.Rh1 Nh7 27.Kd2 a4 28.b4 f5 29.Rxg6 Rf6 30.exf5
Rxg6 31.fxg6 Nf6 32.Ne2 Re8 33.Ng3 Re6 34.Nf5 Nd5 35.Rh7 Rxg6
36.e4 Kxh7 37.exd5 cxd5 38.Ne7 Rg2+ 39.Ke3 d4+ 40.Ke4 Rxb2 41.a3
Rb3 42.Nd5 Rxa3 43.Kf5 Rxd3 44.Ke6 a3 45.Kxd6 a2 46.Nc7 a1Q 47.Nxb5
Qh1 48.Kxe5 Qe1+ 49.Kd5 Rf3 50.Nxd4 0-1

[Event "WA President's Cup"]
[Site "Seattle WA"]
[Date "2015.02.14"]
[Round "1"]
[White "Zhang, Cheyenne"]
[Black "Bender, Cole"]
[Result "1-0"]
[WhiteElo "1514"]
[BlackElo "842"]
[PlyCount "73"]
[EventDate "2015.02.14"]
[EventType "swiss"]
[EventRounds "5"]
[EventCountry "USA"]
[SourceDate "2009.01.01"]

1. c4 e6 2. Nc3 c5 3. g3 a6 4. Bg2 Be7 5. Nf3 Nf6 6. O-O O-O 7. a3 d6 8. Rb1
Nbd7 9. b4 b6 10. bxc5 Nxc5 11. Nd4 Bb7 12. Nc6 Qc7 13. Nxe7+ Qxe7 14. Rxb6
Bxg2 15. Kxg2 Rab8 16. Rxb8 Rxb8 17. d4 Nce4 18. Nxe4 Nxe4 19. Qd3 Qb7 20. Kg1
d5 21. cxd5 exd5 22. Bf4 Rc8 23. Rb1 Qa8 24. Rb6 a5 25. Qa6 Qxa6 26. Rxa6 g5
27. Be3 Rc2 28. Rxa5 Rxe2 29. Rxd5 f6 30. a4 Nc3 31. Rd8+ Kg7 32. a5 Nd1 33. a6
Nxe3 34. fxe3 Rxe3 35. a7 Ra3 36. a8=Q Rxa8 37. Rxa8 1-0

[Event "WA President's Cup"]
[Site "Seattle WA"]
[Date "2015.02.14"]
[Round "2"]
[White "Kam, Ethan"]
[Black "Zhang, Cheyenne"]
[Result "0-1"]
[WhiteElo "1110"]
[BlackElo "1514"]
[PlyCount "68"]
[EventDate "2015.02.14"]
[EventType "swiss"]
[EventRounds "5"]
[EventCountry "USA"]
[SourceDate "2009.01.01"]

1. e4 Nf6 2. Nc3 d5 3. e5 d4 4. exf6 dxc3 5. fxe7 cxd2+ 6. Qxd2 Qxd2+ 7. Bxd2
Bxe7 8. O-O-O Be6 9. Kb1 O-O 10. Nf3 Nd7 11. Bd3 Nc5 12. h4 Nxd3 13. cxd3 a5
14. Ng5 Bf5 15. Bc3 a4 16. Ne4 a3 17. b3 b5 18. g4 Be6 19. f3 c5 20. h5 c4 21.
b4 f6 22. h6 g6 23. Rhe1 Bd5 24. Re3 Ra6 25. d4 Re6 26. Rde1 f5 27. Nc5 Rxe3
28. Rxe3 Bg5 29. Re5 Bxf3 30. gxf5 Rxf5 31. Re8+ Kf7 32. Rh8 Be4+ 33. Nxe4 Rf1+
34. Kc2 Rc1# 0-1

[Event "WA President's Cup"]
[Site "Seattle WA"]
[Date "2015.02.14"]
[Round "3"]
[White "Zhang, Cheyenne"]
[Black "Piper, August"]
[Result "1-0"]
[WhiteElo "1514"]
[BlackElo "1500"]
[PlyCount "57"]
[EventDate "2015.02.14"]
[EventType "swiss"]
[EventRounds "5"]
[EventCountry "USA"]
[SourceDate "2009.01.01"]

1. c4 e5 2. Nc3 f5 3. g3 Nf6 4. Bg2 c6 5. d3 Na6 6. Nf3 d6 7. e3 Nc7 8. O-O Be7
9. b4 h6 10. Nh4 O-O 11. Ng6 Re8 12. f4 exf4 13. Rxf4 Kh7 14. Nxe7 Qxe7 15. e4
g5 16. Rf1 fxe4 17. Nxe4 Rf8 18. Nxf6+ Rxf6 19. Be4+ Kg8 20. Re1 Qf7 21. Bb2
Rf2 22. Bd4 Rf6 23. Bxf6 Qxf6 24. Rf1 Qd4+ 25. Kh1 Bh3 26. Re1 Rf8 27. Qh5 Bf5
28. Bxf5 Rxf5 29. Qg6+ 1-0

[Event "WA President's Cup"]
[Site "Seattle WA"]
[Date "2015.02.14"]
[Round "5"]
[White "Pothukuchi, Revanth"]
[Black "Zhang, Cheyenne"]
[Result "0-1"]
[WhiteElo "1440"]
[BlackElo "1514"]
[PlyCount "94"]
[EventDate "2015.02.14"]
[EventType "swiss"]
[EventRounds "5"]
[EventCountry "USA"]
[SourceDate "2009.01.01"]

1. e4 Nf6 2. e5 Nd5 3. d4 d6 4. c4 Nb6 5. exd6 cxd6 6. Nc3 g6 7. h3 Bg7 8. Nf3
O-O 9. Be2 Nc6 10. Be3 Bf5 11. a3 a5 12. O-O Rc8 13. Qb3 Nd7 14. Qxb7 e5 15.
dxe5 Ncxe5 16. Qb3 Nxf3+ 17. Bxf3 Bd3 18. Be2 Bxe2 19. Nxe2 Rb8 20. Qd3 Rxb2
21. Nd4 Ne5 22. Qc3 Rb8 23. Rab1 Rc8 24. Rb5 Nxc4 25. Bf4 Qf6 26. Be3 Nxe3 27.
Qxe3 Qxd4 28. Qxd4 Bxd4 29. Rxa5 Rc2 30. Rd5 Bc5 31. Rd3 Ra2 32. Rdd1 Rxa3 33.
Rd2 Rfa8 34. Rdd1 Ra2 35. Rde1 Kg7 36. g3 Kf6 37. Re4 d5 38. Rf4+ Kg7 39. Rd1
Ra1 40. Rxa1 Rxa1+ 41. Kg2 d4 42. Kf3 Ra3+ 43. Ke2 d3+ 44. Kd2 Bb6 45. Kd1 Ra2
46. Ke1 Ba5+ 47. Kd1 Ra1# 0-1